00265nam a2200097Ia 4500008004000000082001600040100003500056245003400091260003100125300001100156210210b1991 xxu||||| |||| 00| 0 eng d a001.64 MAIC aMAINI (A K) and BHATNAGAR (P). aComputer science made simple. aDelhibPushtak Mahalc1991 a2, 568